MLB: The Black Aces - Statistics

General Stats
  • This quiz has been taken 12 times
  • The average score is 7 of 15
Answer Stats
Years w/20+ Wins Team(s) Answer % Correct
2010 New York Yankees CC Sabathia
80%
1965 - 66,1968 - 1970 St. Louis Cardinals Bob Gibson
70%
2005 Florida Marlins Dontrelle Willis
70%
1985 New York Mets Dwight Gooden
70%
1971, 1973, 1975 Oakland Athletics Vida Blue
70%
1987 - 90 Oakland Athletics Dave Stewart
60%
2012 Tampa Bay Rays David Price
60%
1967 - 72, 1974 Chicago Cubs, Texas Rangers Fergie Jenkins
50%
1967 Detroit Tigers Earl Wilson
40%
1976 Houston Astros J.R. Richard
40%
1980 Oakland Athletics Mike Norris
30%
1959 San Francisco Giants Sam Jones
30%
1965 Minnesota Twins Mudcat Grant
20%
1971 Los Angeles Dodgers Al Downing
10%
1951, 1955 - 56 Brooklyn Dodgers Don Newcombe
10%
No matching quizzes found
Score Distribution
Percent of People with Each Score
Percentile by Number Answered
Your Score History
You have not taken this quiz